000 00574cam a22002053a 4500
001 36672
003 PGUSA
005 20140828083811.0
008 110709s2011||||xxu|||||s|||||000 | eng d
040 _aPGUSA
_beng
042 _adc
100 1 _aSpeed, Nell,
_d1878-1913
245 1 0 _aTripping with the Tucker Twins
_h[electronic resource] /
_cNell Speed
260 _bProject Gutenberg,
_c2011
506 _aPublic domain in the USA.
516 _aElectronic text
830 0 _aProject Gutenberg
_v36672
856 4 0 _uhttp://www.gutenberg.org/ebooks/36672
942 _cEB
999 _c265927
_d265927